La réponse commence par L - Statistiques

Statistiques générales
  • Ce quiz a été pris 1 394 fois
  • Le résultat moyen est 14 sur 20
Statistiques - réponses
Indices Réponses % Correct
On la récolte sur le mouton Laine
99%
Prénom le plus port par les Rois de France Louis
98%
Animal suivit par Alice pour arriver au Pays des Merveilles Lapin
97%
Cheval à corne Licorne
97%
Le plus célèbre musée de France Louvre
97%
Plat favori d'un célèbre chat orange Lasagne
92%
Frère de Mario Luigi
92%
Forme géométrique représentant la couleur des carreau dans un jeu de carte Losange
86%
Sa capitale est Vilnius Lituanie
85%
On peut y gagner beaucoup d'argent avec de la chance Loterie
77%
Au football, se dit d'un tir arrivant dans l'un des coins supérieur du goal Lucarne
77%
Ce pays est entièrement entouré par l'Afrique du Sud Lesotho
67%
Se dit d'un pays voisin d'un autre Limitrophe
66%
Coordonée géographique du positionnement est-ouest d'un point sur Terre Longitude
64%
Louer quelque chose à quelqu'un Location
56%
Principale place financière d'Europe Londres
44%
Ensemble des mots d'une langue Lexique
38%
Devise monétaire de l'Egypte Livre
30%
Transformation d'un homme en loup Lycanthropie
21%
Illusionniste québecois présent dans l'émission de TF1 Diversion Luc Langevin
8%
Aucun quiz correspondant
Distribution des résultats
% des personnes avec chaque résultat
Percentile par nombre de réponses
Votre historique - résultats
Vous n’avez pas pris ce quiz